000 01041nam a22003137a 4500
003 CHAP
005 20220329143852.0
008 120404s2011 mx r 00010 spa d
010 _a103009
011 _a103981
020 _a9786074950984
035 _a114670
040 _cCHAP
082 0 4 _a864
_bG58
100 1 _aGonzález Torres, Armando.
_949452
245 1 0 _aDel sexo de los filósofos
_c/por Armando González Torres
260 _aToluca, Méx. :
_bGobierno del Estado de México,
_c2011
300 _a264 p.
490 0 _aBiblioteca Mexiquense del Bicentenario.
_pLetras
_vn.35
590 _aBATCH-UPD
_b10
_c20130110
_lUCH01
_h1923
590 _aBATCH-UPD
_b10
_c20130410
_lUCH01
_h0838
590 _aBATCH-UPD
_b10
_c20130914
_lUCH01
_h1548
590 _aCONVERSION
_b10
_c20130109
_lUCH01
_h1357
650 0 4 _aLiteratura mexicana.
_967138
830 0 _aBiblioteca Mexiquense del Bicentenario.
_pLetras
_vn.35
_912437
901 _aBK
942 _cLIBRO
949 _a864 G58
_bBC
_cLIBRO
_d33724002322728
_eLIBRO
_h116506
_i114670
_sb
999 _c103009
_d103009